Faire atterrir la société ouverte (notice n° 1625695)
[ vue normale ]
| 000 -LEADER | |
|---|---|
| fixed length control field | 00833cam a2200181 4500500 |
| 005 - DATE AND TIME OF LATEST TRANSACTION | |
| control field | 20260111093211.0 |
| 041 ## - LANGUAGE CODE | |
| Language code of text/sound track or separate title | fre |
| 042 ## - AUTHENTICATION CODE | |
| Authentication code | dc |
| 100 10 - MAIN ENTRY--PERSONAL NAME | |
| Personal name | Jadot, Yannick |
| Relator term | author |
| 245 00 - TITLE STATEMENT | |
| Title | Faire atterrir la société ouverte |
| 260 ## - PUBLICATION, DISTRIBUTION, ETC. | |
| Date of publication, distribution, etc. | 2017.<br/> |
| 500 ## - GENERAL NOTE | |
| General note | 94 |
| 520 ## - SUMMARY, ETC. | |
| Summary, etc. | La tâche du poète consiste à retrouver la présence du monde à travers l’énigme du langage, accompagnée de réflexion et en dialogue avec les arts. L’Écharpe rouge, roman familial et récit d’enfance, rappelle que la poésie est indispensable à une société malade de son langage. |
| 700 10 - ADDED ENTRY--PERSONAL NAME | |
| Personal name | Schmid, Lucile |
| Relator term | author |
| 700 10 - ADDED ENTRY--PERSONAL NAME | |
| Personal name | Fœssel, Michaël |
| Relator term | author |
| 786 0# - DATA SOURCE ENTRY | |
| Note | Esprit | Février | 2 | 2017-01-27 | p. 107-120 | 0014-0759 |
| 856 41 - ELECTRONIC LOCATION AND ACCESS | |
| Uniform Resource Identifier | <a href="https://shs.cairn.info/revue-esprit-2017-2-page-107?lang=fr&redirect-ssocas=7080">https://shs.cairn.info/revue-esprit-2017-2-page-107?lang=fr&redirect-ssocas=7080</a> |
Pas d'exemplaire disponible.




Réseaux sociaux